000 00370nam a2200145Ia 4500
008 221030s9999 xx 000 0 und d
041 _aEnglish
082 _a105.23
_bDav
100 _aG. D. Davis
245 0 _aNumerical Methods in Engineering & Science
_cby G. D. Davis
260 _bAllen & Unwin Pub
_aUK
_c1986
300 _a286
650 _aBE Computer
942 _cBK
999 _c999
_d999